Loreto College Library, Kolkata
WEBOPAC (ONLINE PUBLIC ACCESS CATALOGUE)

The King's peace,1637-1641 (Record no. 36014)

MARC details
000 -LEADER
fixed length control field 00370nam a2200145Ia 4500
008 - FIXED-LENGTH DATA ELEMENTS--GENERAL INFORMATION
fixed length control field 131103s9999 xx 000 0 und d
040 ## - CATALOGING SOURCE
Original cataloging agency Loreto College
041 ## - LANGUAGE CODE
Language code English
082 ## - DDC | ডিউই
Classification number | বর্গসংখ্যা 943.062/WED
Book Number | গ্রন্থাঙ্ক LCLIB/22897
100 ## - MAIN ENTRY--PERSONAL NAME | মুখ্য সংলেখ - ব্যাক্তিনাম
Personal name | ব্যাক্তিনাম Wegwood,C.V.
245 ## - TITLE STATEMENT | অাখ্যা বিবরণী
Title | অাখ্যা The King's peace,1637-1641
Statement of responsibility | লেখকের দায়িত্বের বিবরণ C.V.Wegwood
300 ## - PHYSICAL DESCRIPTION |
Page / Vol. No | পৃষ্ঠা / খন্ড সংখ্যা 510
850 ## - HOLDING INSTITUTION
Holding institution LCLIB/942.062/WEG
942 ## - ADDED ENTRY ELEMENTS (KOHA)
Koha item type Books
Holdings
Withdrawn status Lost status Damaged status Not for loan Home library Current library Date acquired Total Checkouts Full call number Accession No. Date last seen Price effective from Koha item type
        Loreto College Loreto College 04/11/2013   943.062/WED LCLIB/22897 B38904 04/11/2013 04/11/2013 Books